00913nam a2200253Ia 4500003000400000005001700004008004100021020001800062040001800080041000800098082001800106100002900124245010000153250001200253260004400265300003100309650003900340650004000379650004100419700002500460942002500485999001900510952013000529OSt20260119110753.0210716s2014 xx 000 0 und d a9788131705704 cAIMIT LIBRARY aeng a651.75 bTAYS aTaylor, Shirley.9251702 aModel business letters e- mails:bother business documents /cBy Shirley Taylor and L Gartside. a6th ed. aNew Delhi :bPearson Education ,c2014. axxii,497 p.;bPBc24.3 cm. aRoutine business documents9251703 aClassified business letters9251704 aTypical business transaction9251705 aGartside, L.9251706 2ddccBKk651.75 TAYS c193726d193726 001040708MCAaAIMITbAIMITeKnowledge Worldg575.00l0o651.75 TAYSpMCA13234r2025-07-21 00:00:00v431.25w2021-07-16yBK